00847 a2200193 45000010006000000050017000060080041000230030015000640400040000790800090001192450080002090200018002892640058003073000019003655050201003841000020005857000018006057000030006235902720260407155845.0260407a1993 arg spa dAR-UNSa-BCEJYS aAR-UNSa-BCEJYSbspacAR-UNSa-BCEJYS a665.6/.7xProcesos y productos de la industria del petróleo e industrias análogas10aLa politica de desregulación petrolera argentinapantecedentes e impactos a950-25-1349-5 1aBuenos Aires :bCentro Editor de America Latinac1993 a338 p.c21 cm. a1. Las políticas petroleras en el pasado reciente – 2. Las políticas petroleras actuales – 3. Los impactos de la política petrolera – 4. La desregulación petrolera después de 1992 1 aKozulj, Roberto1 aBravo, Victor1 aDi Sbroiavacca, Nicolás